Sports Quiz

Random Sports or Auto Racing Quiz
Score 0/97 Timer 07:00
3 Plays Today
Race Driver % Correct
1993 Coca-Cola 600Jeff Gordon
92.5%
1995 First Union 400Jeff Gordon
92.5%
1995 Gatorade Twin 125 (Race 2)Jeff Gordon
92.5%
1997 Gatorade 125 (Race 2)Jeff Gordon
92.5%
1986 Atlanta Journal 500Richard Petty
88.6%
1987 Valleydale Meats 500Richard Petty
88.6%
1987 First Union 400Kyle Petty
87.7%
1991 Hanes 500Kyle Petty
87.7%
1980 Valleydale Southeastern 500Darrell Waltrip
81%
1983 Busch Nashville 420Darrell Waltrip
81%
1983 Talladega 500Darrell Waltrip
81%
1985 Goodys 500Darrell Waltrip
81%
1986 TranSouth 500Darrell Waltrip
81%
1987 Wrangler Jeans Indigo 400Darrell Waltrip
81%
1998 Gatorade 125 (Race 2)Michael Waltrip
80.2%
1980 Atlanta 500Rusty Wallace
80.1%
1987 Sovran Bank 500Rusty Wallace
80.1%
1987 Busch 500Rusty Wallace
80.1%
1987 Southern 500Rusty Wallace
80.1%
1988 Motorcraft Quality Parts 500Rusty Wallace
80.1%
1993 Miller Genuine Draft 500Rusty Wallace
80.1%
1995 Brickyard 400Rusty Wallace
80.1%
2000 Winston 500Kenny Wallace
78.9%
1998 Daytona 500Bobby Labonte
73.7%
2000 Cracker Barrel Old Country Store 500Bobby Labonte
73.7%
1995 Goodys 500Terry Labonte
73.6%
1996 Purolator 500Terry Labonte
73.6%
1987 The WinstonTerry Labonte
73.6%
1989 Budweiser 500Mark Martin
73.2%
1989 Heinz Southern 500Mark Martin
73.2%
1989 Peak Performance 500Mark Martin
73.2%
1990 TranSouth 500Mark Martin
73.2%
1990 Miller Genuine Draft 400Mark Martin
73.2%
Race Driver % Correct
1993 TranSouth 500Mark Martin
73.2%
1994 TranSouth 500Mark Martin
73.2%
1995 Save Mart Supermarkets 300Mark Martin
73.2%
1991 Busch ClashMark Martin
73.2%
1993 The WinstonMark Martin
73.2%
1992 Gatorade Twin 125 Qualifier (Race 1)Mark Martin
73.2%
1979 Southeastern 500Bobby Allison
70.8%
1987 Miller American 400Davey Allison
70.7%
1988 Busch ClashDavey Allison
70.7%
1993 Budweiser 500Dale Jarrett
66%
1996 Goodwrench Service 400Dale Jarrett
66%
1999 DieHard 500Dale Jarrett
66%
1999 Winston 500Dale Jarrett
66%
1984 Atlanta Journal 500Bill Elliott
65.3%
1987 TranSouth 500Bill Elliott
65.3%
1988 Busch 500Bill Elliott
65.3%
1990 DieHard 500Bill Elliott
65.3%
1991 DieHard 500Bill Elliott
65.3%
1986 Busch ClashBill Elliott
65.3%
1990 Twin 125 Qualifier (Race 2)Bill Elliott
65.3%
1980 Busch Nashville 420Cale Yarborough
60.5%
1980 National 500Cale Yarborough
60.5%
1982 CRC Chemicals Rebel 400Cale Yarborough
60.5%
1988 Pannill Sweatshirts 500Sterling Marlin
57.1%
1993 Pepsi 400Sterling Marlin
57.1%
1995 NAPA 500Sterling Marlin
57.1%
1995 Busch ClashSterling Marlin
57.1%
1994 Gatorade Twin 125 (Race 2)Sterling Marlin
57.1%
1996 Gatorade Twin 125 (Race 1)Sterling Marlin
57.1%
1985 Valleydale 500Ricky Rudd
52.2%
1986 First Union 400Ricky Rudd
52.2%
1987 Goodwrench 500Ricky Rudd
52.2%
1991 Pontiac Excitement 400Ricky Rudd
52.2%
Race Driver % Correct
1987 Summer 500Alan Kulwicki
49.4%
1989 First Union 400Alan Kulwicki
49.4%
1990 Pepsi 400Alan Kulwicki
49.4%
1985 Miller High Life 400Geoff Bodine
47.9%
1987 Miller High Life 400Geoff Bodine
47.9%
1989 Atlanta Journal 500Geoff Bodine
47.9%
1987 7-Eleven Twin 125 Qualifier(Race 2)Geoff Bodine
47.9%
1993 Gatorade Twin 125 Qualifier (Race 2)Geoff Bodine
47.9%
1986 Oakwood Homes 500Harry Gant
43.2%
1991 Tyson Holly Farms 400Harry Gant
43.2%
1990 Miller Genuine Draft 400Ernie Irvan
42.7%
1990 Heinz Southern 500Ernie Irvan
42.7%
1992 Coca-Cola 600Ernie Irvan
42.7%
1993 DieHard 500Ernie Irvan
42.7%
1994 Winston Select 500Ernie Irvan
42.7%
1991 Gatorade Twin 125 Qualifier (Race 2)Ernie Irvan
42.7%
1985 Busch 500Tim Richmond
40.6%
1986 Coca-Cola 600Tim Richmond
40.6%
1990 Checker 500Ken Schrader
39.7%
1994 Food City 500Ken Schrader
39.7%
1993 Busch ClashKen Schrader
39.7%
1990 The WinstonKen Schrader
39.7%
1980 Old Dominion 500Buddy Baker
37.3%
1984 Talladega 500Buddy Baker
37.3%
1983 Uno Twin 125 Qualifier (Race 1)Buddy Baker
37.3%
1999 Goodys Headache Powder 500Jimmy Spencer
35.2%
1980 Busch ClashNeil Bonnett
34.8%
1999 Gatorade 125 (Race 2)Jeremy Mayfield
31.2%
1990 Motorcraft Quality Parts 500Morgan Shepherd
29%
1994 AC-Delco 500Rick Mast
26%
1990 Winston 500Greg Sacks
18.4%
Remove Ads.
Support Sporcle.
Get the best of Sporcle when you Go Orange. This ad-free experience offers more features, more stats, and more fun while also helping to support Sporcle. Thank you for becoming a member.

You're not logged in!

Compare scores with friends on all Sporcle quizzes.
OR
Log In

Sporcle TV

Today on Sporcle TV


Watch our educational content, quiz creation guides, and fun videos on Sporcle TV.

Show Comments

Extras

Top Quizzes Today


Score Distribution

Paid Content

Your Account Isn't Verified!

In order to create a playlist on Sporcle, you need to verify the email address you used during registration. Go to your Sporcle Settings to finish the process.

Report this User

Report this user for behavior that violates our Community Guidelines.

Details: